000
00331 a2200109 4500
001
ART_12758
005
20260410161733.0
008
260409a
245
1
0
_a
La reforma del estado, una empresa de todos
100
1
_a
Terragno, Rodolfo
773
0
_t
Ejecutivos de finanzas
_g
- Año 6, Nº 44 (abr. 1988)
_w
REV2863
999
_c
18010
_d
18010